00720nam a22002057a 450000500170000001000130001702000100003003500130004003700160005304000120006908200180008110000260009924501180012526000420024327000510028530000260033650000520036265000500041465000500046420170124110103.0 aA-294500 c00.00 aA-294500 bCen Lib/Ret aDPLbEN a954.0841bKHI aKhilnani, Niranjan M. aIndia's road to independence, 1857 to 1947 :cby Niranjan M. Khilnanibpanorama of India's struggle for freedom / aNew Delhi bSterling Publishersc1987 bNew Delhi aL-10, Green Park Extensione110016 aviii,150p. c22cm(Hb) aIncludes bibliographical references and index  aIndia -- Politics and government -- 1857-1919 aIndia -- Politics and government -- 1919-1947